Introducción a la teoría de la probabilidad : primer curso /

Contenido primer curso: I parte Cálculo de probabilidades: El modelo matemático; Las reglas básicas; Muestreo aleatorio; Combinando las reglas básicas; La aditividad numerable. II parte Variables aleatorias: Variables aleatorias discretas; Variables aleatorias absolutamente continuas; Esperanzas; Ap...

Descripción completa

Guardado en:
Detalles Bibliográficos
Autor principal: García Alvarez, Miguel Angel (autor)
Formato: Libro
Idioma:Español
Publicado: México : Fondo de Cultura Económica, 2005, c2005
Colección:(Sección de Obras de Ciencia y Tecnología)
Temas:
Etiquetas: Agrega una etiqueta
Sin etiquetas, Sé el primero en etiquetar este registro!

MARC

LEADER 00000nam^a2200000^a^4500
001 000181671
005 20250521000000.0
009 20260310101939.504
020 |a 968-16-7514-2 
037 |a Acervo ITESO - Biblioteca 
041 |a ESP 
082 |a 519. 2  |b GAR V. 1 
100 |a García Alvarez, Miguel Angel  |e (autor) 
245 1 0 |a Introducción a la teoría de la probabilidad :  |b primer curso /  |c M.A. García Alvarez. 
264 4 |a México :  |b Fondo de Cultura Económica,  |c 2005, c2005 
300 |a 454 p. 
336 |a texto  |b txt  |2 rdacontenido 
337 |a sin mediación  |b n  |2 rdamedio 
338 |a volumen  |b nc  |2 rdasoporte 
440 |a (Sección de Obras de Ciencia y Tecnología) 
520 |a Contenido primer curso: I parte Cálculo de probabilidades: El modelo matemático; Las reglas básicas; Muestreo aleatorio; Combinando las reglas básicas; La aditividad numerable. II parte Variables aleatorias: Variables aleatorias discretas; Variables aleatorias absolutamente continuas; Esperanzas; Apéndices. 
649 |a XX 
650 |a Probabilidad -  |x Teoría 
650 |a Probabilidad -  |x Historia 
650 |a Matemáticas 
910 |a Fondo General 
920 |a Impresos - Libros 
930 |a Colección General 
905 |a 101 
901 |a 0500121562  |b IT1  |c ACC  |u 20250521 
902 |a https://opac.biblio.iteso.mx/vufind/Record/000181671